भारतीयता की सुगन्ध / (Record no. 212635)
[ view plain ]
| 000 -LEADER | |
|---|---|
| fixed length control field | 00779nam a22002177a 4500 |
| 005 - DATE AND TIME OF LATEST TRANSACTION | |
| control field | 20250728104611.0 |
| 010 ## - LCCN (DPL NO) | |
| LC control number | HIN-130012 |
| 020 ## - INTERNATIONAL STANDARD BOOK NUMBER | |
| International Standard Book Number | 9788188820726 |
| 035 ## - SYSTEM CONTROL NUMBER | |
| System control number | HN-102358 |
| 037 ## - SOURCE OF ACQUISITION | |
| Source of stock number/acquisition | DBAD |
| 082 ## - DEWEY DECIMAL CLASSIFICATION NUMBER | |
| Classification number | 920 |
| 100 ## - MAIN ENTRY--PERSONAL NAME | |
| Personal name | सेंगर इन्द्र |
| 245 ## - TITLE STATEMENT | |
| Title | भारतीयता की सुगन्ध / |
| Statement of responsibility, etc | इन्द्र सेंगर |
| 260 ## - PUBLICATION, DISTRIBUTION, ETC. (IMPRINT) | |
| Place of publication, distribution, etc | दिल्ली |
| Name of publisher, distributor, etc | रचना पब्लिकेशन्स |
| 270 ## - ADDRESS | |
| Address | 30/106 , गली न. 7 , विशवास नगर , शाहदरा |
| City | दिल्ली -110032 |
| 300 ## - PHYSICAL DESCRIPTION | |
| Extent | 112पृ. |
| Dimensions | 22.1सेमी (सजिल्द) |
| 700 ## - ADDED ENTRY--PERSONAL NAME | |
| 9 (RLIN) | 83343 |
| 700 ## - ADDED ENTRY--PERSONAL NAME | |
| 9 (RLIN) | 83344 |
| 700 ## - ADDED ENTRY--PERSONAL NAME | |
| 9 (RLIN) | 83345 |
| 942 ## - ADDED ENTRY ELEMENTS (KOHA) | |
| Source of classification or shelving scheme | Dewey Decimal Classification |
| Item type | Hindi Books |
| Classification part | 920 |
| Call number suffix | सेंगर |
| Withdrawn status | Lost status | Not for loan | Collection code | Home library | Current library | Date acquired | Source of acquisition | Cost, normal purchase price | Full call number | Barcode | Copy number | Cost, replacement price | Koha item type |
|---|---|---|---|---|---|---|---|---|---|---|---|---|---|
| Non-fiction | Central Library | Central Library | 28/07/2025 | DBAD | 395.00 | 920 सेंगर | HN-102358 | 1 | 395.00 | Hindi Books |
